Fairy Tale by Moral Quiz Stats

Quiz Updated Feb 12, 2015

Challenge
Share
Tweet
Embed
Score 0/18 Timer 05:00
6 Plays Today
Moral Fairy Tale % Correct
Never accept food from strange old women.Snow White and the Seven Dwarfs
89.1%
Keep an eye on the clock.Cinderella
85.2%
Always remember the way back home.Hansel and Gretel
80.3%
Never forget to invite powerful people to special events.Sleeping Beauty
74%
Puppets have feelings, too.The Adventures of Pinocchio
70.3%
Judge people by their hearts, not their appearances.Beauty and the Beast
67.2%
Some people's names are impossible to guess.Rumpelstiltskin
63%
Poor deals can bring giant rewards.Jack and the Beanstalk
61.9%
Don't talk to strangers.Little Red Riding Hood
53.3%
Moral Fairy Tale % Correct
True royalty is super-sensitive.The Princess and the Pea
49.9%
Don't steal from your neighbor's vegetable garden.Rapunzel
40.9%
Keep your promises, even if they're to another species.The Frog Prince
37%
There's a match for everyone, no matter how small.Thumbelina
36.8%
Selfless love can gain you a soul.The Little Mermaid
36%
If you can't see it, it's probably not there.The Emperor's New Clothes
35.9%
Don't try to cheat magical musicians.Pied Piper of Hamelin
35.2%
Little people make good shop workers.The Elves and the Shoemaker
31%
Listen to your cat, it's probably smarter than you are.Puss in Boots
25.3%

You're not logged in!

Compare scores with friends on all Sporcle quizzes.
Sign Up with Email
OR
Log In

You Might Also Like...

Show Comments

Extras

Top Quizzes Today


Score Distribution

Your Account Isn't Verified!

In order to create a playlist on Sporcle, you need to verify the email address you used during registration. Go to your Sporcle Settings to finish the process.